|
|
|
|
| LEADER |
00000nam0a2200000 4500 |
| 001 |
31895 |
| 005 |
20231101210050.0 |
| 010 |
|
|
|a 5020146226
|
| 035 |
|
|
|a (RuTPU)RU\TPU\book\32190
|
| 035 |
|
|
|a BOOK00000269
|
| 090 |
|
|
|a 31895
|
| 100 |
|
|
|a 20011210d1992 km y0rusy50 ca
|
| 101 |
0 |
|
|a rus
|
| 102 |
|
|
|a RU
|
| 105 |
|
|
|a a z 001zy
|
| 200 |
1 |
|
|a Суперионные проводники
|f Ю. Я. Гуревич, Ю. И. Харкац
|
| 210 |
|
|
|a Москва
|c Наука
|d 1992
|
| 215 |
|
|
|a 283 с.
|c ил.
|
| 225 |
1 |
|
|a Современные проблемы физики
|
| 320 |
|
|
|a Библиогр.: с. 262-284.
|
| 606 |
1 |
|
|a Электролиты твердые
|x Физика
|2 stltpush
|3 (RuTPU)RU\TPU\subj\20141
|9 45266
|
| 610 |
1 |
|
|a физика
|
| 610 |
1 |
|
|a твердые тела
|
| 610 |
1 |
|
|a суперионные проводники
|
| 610 |
1 |
|
|a ионная проводимость
|
| 610 |
1 |
|
|a суперионные материалы
|
| 675 |
|
|
|a 537.311.3
|v 3
|
| 700 |
|
1 |
|a Гуревич
|b Ю. Я.
|g Юрий Яковлевич
|
| 701 |
|
1 |
|a Харкац
|b Ю. И.
|g Юрий Исаакович
|
| 801 |
|
0 |
|a RU
|b 63413507
|c 20011210
|g PSBO
|
| 801 |
|
2 |
|a RU
|b 63413507
|c 20191007
|g PSBO
|
| 942 |
|
|
|c BK
|